| 000 | 02893nam a22003977a 4500 | ||
|---|---|---|---|
| 003 | dpl | ||
| 005 | 20100322150940.0 | ||
| 007 | DVD | ||
| 008 | 050907s2005 cau105 g 00| 0 eng d | ||
| 010 | _aDVD-007184-7192 | ||
| 024 | _c199.00 | ||
| 035 | _aDVD-007184-7192 | ||
| 040 |
_aDPL _cDPL |
||
| 092 | _aDVD GAND | ||
| 245 |
_aGandhi _h[videorecording] DVD / _cDiskovery Video & laser Co. Pvt. Ltd. Presents |
||
| 260 | _bDiskovery Video | ||
| 300 |
_a3 videocassette (VCD); _bsd., col. ; _c4-3/4 in. _fVCD |
||
| 440 | _aDiskovery Video | ||
| 500 | _a8 Academy Awards Winner including the Best Picture "1982" | ||
| 538 | _aDolby digital 5.1, English | ||
| 538 | _aThis is a Videio CD with digital audio, full Motion video and Play Back Controls Suitable for Video CD, LD, DVD Player and Multimedia PCs with MPEG card. | ||
| 650 | _aMotion Picture | ||
| 700 | _aAttenborough, Richard | ||
| 700 | _aKingsley, Ben | ||
| 942 |
_cCF _2ddc _hDVD _mGAND |
||
| 999 |
_c34827 _d34827 |
||